000 01050nam a22003257a 4500
001 BR0304350
003 BR-BrBNA
005 20230928101350.0
007 ta
008 230509b bl.||||| |||| 00| 0 por d
040 _aBR-BrBNA
_bpor
_cBiblioteca Nacional de Agricultura
041 _a(Por)
072 _aF30
_b3290
090 _ 3290 BR0304350
100 1 _aVastano Junior, B.
110 1 _aInstituto Nacional de Pesquisas da Amazônia, Manaus, AM (Brasil)
245 1 _aEstudos de aspectos da estrutura genética de uma população natural de copaíba (Copaifera multijuga Hayne)leguminosae - Caesalpinioideae na região de Manaus
260 3 _aManaus, AM (Brasil):
_c1984.
300 _a54 p.
500 _a7 tables; 9 illus.; Summaries (Eng, Por)
650 _aCOPAÍBA
650 _aGENÉTICA VEGETAL
650 _aESTRUTURA VEGETAL
650 _aPOPULAÇÃO DE PLANTA
650 _aPROGÊNIE
650 _aVARIAÇÃO GENÉTICA
650 _aMÉTODO ESTATÍSTICO
909 _a202309
_bLucia
_c55
_dLucia Elande
942 _cBK
999 _c65464
_d65464